[Event "DEM U10 2023"]
[Site "Willingen GER"]
[Date "2023.05.29"]
[Round "3"]
[White "Hamann, Friedrich"]
[Black "Schmidt, Jossip"]
[Result "1/2-1/2"]
[Termination "normal"]
[Board "22"]
[WhiteElo "1404"]
[BlackElo "1276"]
[WhiteClock "00:01:58"]
[BlackClock "00:01:38"]
[PlyCount "195"]
[WhiteFideId "34622829"]
[BlackFideId "34621148"]
[EventCountry "GER"]
[EventRounds "11"]
[EventType "swiss"]
[EventDate "2023.05.27"]

1. e4 {[%clk 01:15:56]} {[%emt 00:00:03]} d5 {[%clk 01:15:50]} {[%emt
00:00:11]} 2. exd5 {[%clk 01:15:08]} {[%emt 00:01:18]} Qxd5 {[%clk 01:15:36]}
{[%emt 00:00:43]} 3. Nc3 {[%clk 01:13:50]} {[%emt 00:01:48]} Qa5 {[%clk
01:14:30]} {[%emt 00:01:37]} 4. b4 {[%clk 01:10:18]} {[%emt 00:04:02]} Qxb4
{[%clk 01:06:44]} {[%emt 00:08:16]} 5. Nb5 {[%clk 01:08:06]} {[%emt 00:02:42]}
Qa5 {[%clk 00:59:36]} {[%emt 00:07:38]} 6. Bc4 {[%clk 01:05:20]} {[%emt
00:03:14]} Nf6 {[%clk 00:54:17]} {[%emt 00:05:51]} 7. Rb1 {[%clk 00:54:40]}
{[%emt 00:11:10]} c6 {[%clk 00:52:00]} {[%emt 00:02:47]} 8. Nc3 {[%clk
00:51:38]} {[%emt 00:03:31]} Nbd7 {[%emt 00:03:21]} 9. Nf3 {[%clk 00:48:21]}
{[%emt 00:03:41]} Qc7 {[%clk 00:48:07]} {[%emt 00:01:39]} 10. O-O {[%clk
00:46:28]} {[%emt 00:02:22]} e6 {[%clk 00:47:01]} {[%emt 00:01:36]} 11. Re1
{[%clk 00:39:58]} {[%emt 00:07:00]} Bd6 {[%clk 00:46:16]} {[%emt 00:01:15]} 12.
d4 {[%clk 00:38:24]} {[%emt 00:02:02]} O-O {[%clk 00:45:42]} {[%emt 00:01:05]}
13. Qe2 {[%clk 00:34:50]} {[%emt 00:04:04]} Re8 {[%clk 00:42:03]} {[%emt
00:04:09]} 14. Ne4 {[%clk 00:25:44]} {[%emt 00:09:37]} Nxe4 {[%clk 00:40:28]}
{[%emt 00:02:04]} 15. Qxe4 {[%clk 00:25:58]} {[%emt 00:00:17]} Nf6 {[%clk
00:40:02]} {[%emt 00:00:55]} 16. Qd3 {[%clk 00:25:39]} {[%emt 00:00:48]} a5
{[%clk 00:35:51]} {[%emt 00:04:44]} 17. a4 {[%clk 00:24:28]} {[%emt 00:01:41]}
Bd7 {[%clk 00:34:24]} {[%emt 00:01:57]} 18. Bg5 {[%clk 00:20:17]} {[%emt
00:04:38]} Nd5 {[%clk 00:33:01]} {[%emt 00:01:57]} 19. Qb3 {[%clk 00:17:31]}
{[%emt 00:03:14]} Reb8 {[%clk 00:30:05]} {[%emt 00:03:28]} 20. c3 {[%clk
00:16:48]} {[%emt 00:01:14]} Qc8 {[%clk 00:26:47]} {[%emt 00:03:47]} 21. Re2
{[%clk 00:13:46]} {[%emt 00:03:31]} Qf8 {[%clk 00:25:08]} {[%emt 00:02:09]} 22.
Ree1 {[%clk 00:10:28]} {[%emt 00:03:48]} Nc7 {[%clk 00:23:50]} {[%emt
00:01:47]} 23. Red1 {[%clk 00:09:04]} {[%emt 00:01:55]} Be8 {[%clk 00:22:29]}
{[%emt 00:01:52]} 24. Qb6 {[%clk 00:06:55]} {[%emt 00:02:36]} Na6 {[%clk
00:12:44]} {[%emt 00:10:18]} 25. Qb3 {[%clk 00:02:09]} {[%emt 00:05:16]} Kh8
{[%clk 00:10:23]} {[%emt 00:02:52]} 26. Be3 {[%clk 00:02:05]} {[%emt 00:00:34]}
b5 {[%clk 00:05:21]} {[%emt 00:05:32]} 27. axb5 {[%clk 00:01:43]} {[%emt
00:00:52]} cxb5 {[%clk 00:05:39]} {[%emt 00:00:13]} 28. Be2 {[%clk 00:01:32]}
{[%emt 00:00:40]} Nc7 {[%clk 00:05:39]} {[%emt 00:00:31]} 29. Ra1 {[%clk
00:01:20]} {[%emt 00:00:42]} Nd5 {[%clk 00:05:14]} {[%emt 00:00:55]} 30. Rdb1
{[%clk 00:01:04]} {[%emt 00:00:46]} Qe7 {[%clk 00:04:22]} {[%emt 00:01:21]} 31.
Bd2 {[%clk 00:01:17]} {[%emt 00:00:17]} Bc6 {[%clk 00:03:13]} {[%emt 00:01:40]}
32. Bd3 {[%clk 00:01:02]} {[%emt 00:00:46]} Nf4 {[%clk 00:03:10]} {[%emt
00:00:32]} 33. Bxf4 {[%clk 00:01:17]} {[%emt 00:00:14]} Bxf4 {[%clk 00:03:33]}
{[%emt 00:00:07]} 34. Be2 {[%clk 00:00:59]} {[%emt 00:01:50]} Bd5 {[%clk
00:03:27]} {[%emt 00:00:33]} 35. Qb2 {[%clk 00:00:52]} {[%emt 00:00:38]} Bc6
{[%clk 00:03:13]} {[%emt 00:00:44]} 36. Qb3 {[%clk 00:00:48]} {[%emt 00:00:35]}
Be8 {[%clk 00:03:13]} {[%emt 00:00:28]} 37. Qb2 {[%clk 00:00:48]} {[%emt
00:00:30]} Bd6 {[%clk 00:03:10]} {[%emt 00:00:34]} 38. Qc2 {[%clk 00:00:48]}
{[%emt 00:00:30]} g6 {[%clk 00:02:58]} {[%emt 00:00:42]} 39. Rb2 {[%clk
00:00:44]} {[%emt 00:00:34]} Bd7 {[%clk 00:02:33]} {[%emt 00:00:55]} 40. Rbb1
{[%clk 00:00:42]} {[%emt 00:00:32]} Qd8 {[%clk 00:01:50]} {[%emt 00:01:12]} 41.
Rb2 {[%clk 00:00:35]} {[%emt 00:00:38]} b4 {[%clk 00:01:19]} {[%emt 00:01:02]}
42. cxb4 {[%clk 00:14:11]} {[%emt 00:01:54]} Bxb4 {[%clk 00:16:20]} {[%emt
00:00:29]} 43. Rba2 {[%clk 00:13:19]} {[%emt 00:01:19]} Rc8 {[%clk 00:16:26]}
{[%emt 00:00:27]} 44. Qb3 {[%clk 00:11:42]} {[%emt 00:02:05]} Bc6 {[%clk
00:15:41]} {[%emt 00:01:17]} 45. Qd1 {[%clk 00:08:54]} {[%emt 00:03:17]} Rab8
{[%clk 00:15:01]} {[%emt 00:01:11]} 46. Ne5 {[%clk 00:07:30]} {[%emt 00:01:51]}
Rc7 {[%clk 00:12:42]} {[%emt 00:02:53]} 47. Ng4 {[%clk 00:03:47]} {[%emt
00:04:11]} Ra8 {[%clk 00:09:11]} {[%emt 00:04:04]} 48. Ne3 {[%clk 00:03:45]}
{[%emt 00:00:29]} Rd7 {[%clk 00:06:20]} {[%emt 00:03:23]} 49. Qc1 {[%clk
00:00:57]} {[%emt 00:03:15]} Rc8 {[%clk 00:05:44]} {[%emt 00:01:09]} 50. Qf1
{[%clk 00:00:42]} {[%emt 00:00:44]} Rxd4 {[%clk 00:04:47]} {[%emt 00:01:28]}
51. Nc2 {[%clk 00:00:51]} {[%emt 00:00:19]} Rd7 {[%clk 00:03:32]} {[%emt
00:01:45]} 52. Nxb4 {[%clk 00:01:09]} {[%emt 00:00:13]} axb4 {[%clk 00:03:53]}
{[%emt 00:00:10]} 53. Rb2 {[%clk 00:00:53]} {[%emt 00:00:45]} Rb8 {[%clk
00:02:58]} {[%emt 00:01:26]} 54. Qc1 {[%clk 00:00:55]} {[%emt 00:00:27]} Bd5
{[%clk 00:02:45]} {[%emt 00:00:43]} 55. Qf4 {[%clk 00:00:51]} {[%emt 00:00:30]}
Qc7 {[%clk 00:01:54]} {[%emt 00:01:54]} 56. Rxb4 {[%clk 00:00:36]} {[%emt
00:00:44]} Qxf4 {[%clk 00:01:38]} {[%emt 00:00:45]} 57. Rxf4 {[%clk 00:01:00]}
{[%emt 00:00:07]} Rb2 {[%clk 00:01:51]} {[%emt 00:00:17]} 58. Bf1 {[%clk
00:00:46]} {[%emt 00:00:44]} Rdb7 {[%clk 00:01:47]} {[%emt 00:00:33]} 59. Ba6
{[%clk 00:00:43]} {[%emt 00:00:34]} Ra7 {[%clk 00:01:45]} {[%emt 00:00:32]} 60.
Rfa4 {[%clk 00:00:56]} {[%emt 00:00:17]} Bb7 {[%clk 00:01:24]} {[%emt
00:00:49]} 61. Bf1 {[%clk 00:00:49]} {[%emt 00:00:39]} Rxa4 {[%clk 00:01:24]}
{[%emt 00:00:31]} 62. Rxa4 {[%clk 00:01:12]} {[%emt 00:00:07]} Rb1 {[%clk
00:01:46]} {[%emt 00:00:08]} 63. f3 {[%clk 00:00:32]} {[%emt 00:01:11]} Bc6
{[%clk 00:01:56]} {[%emt 00:00:20]} 64. Ra5 {[%clk 00:00:46]} {[%emt 00:00:16]}
Bd5 {[%clk 00:02:14]} {[%emt 00:00:12]} 65. Kf2 {[%clk 00:01:06]} {[%emt
00:00:08]} Kg7 {[%clk 00:02:25]} {[%emt 00:00:19]} 66. Bb5 {[%clk 00:01:05]}
{[%emt 00:00:30]} Rb2+ {[%clk 00:02:20]} {[%emt 00:00:37]} 67. Kg3 {[%clk
00:01:25]} {[%emt 00:00:10]} Kf6 {[%clk 00:02:26]} {[%emt 00:00:23]} 68. Bd3
{[%clk 00:01:21]} {[%emt 00:00:33]} Rb3 {[%clk 00:02:35]} {[%emt 00:00:22]} 69.
Bc2 {[%clk 00:01:31]} {[%emt 00:00:18]} Rc3 {[%clk 00:02:56]} {[%emt 00:00:11]}
70. Bb1 {[%clk 00:01:07]} {[%emt 00:00:53]} Rc8 {[%clk 00:02:57]} {[%emt
00:00:31]} 71. Ra4 {[%clk 00:01:07]} {[%emt 00:00:28]} Ra8 {[%clk 00:03:15]}
{[%emt 00:00:15]} 72. Rb4 {[%clk 00:01:10]} {[%emt 00:00:26]} Ra7 {[%clk
00:03:29]} {[%emt 00:00:16]} 73. Be4 {[%clk 00:01:16]} {[%emt 00:00:23]} Rd7
{[%clk 00:03:05]} {[%emt 00:00:55]} 74. Bc2 {[%clk 00:01:10]} {[%emt 00:00:33]}
Rb7 {[%clk 00:03:28]} {[%emt 00:00:10]} 75. Ra4 {[%clk 00:00:57]} {[%emt
00:00:43]} Bb3 {[%clk 00:03:41]} {[%emt 00:00:18]} 76. Bxb3 {[%clk 00:01:21]}
{[%emt 00:00:06]} Rxb3 {[%clk 00:04:01]} {[%emt 00:00:10]} 77. Re4 {[%clk
00:01:40]} {[%emt 00:00:09]} Rb5 {[%clk 00:04:13]} {[%emt 00:00:19]} 78. Re1
{[%clk 00:00:45]} {[%emt 00:01:25]} h5 {[%clk 00:03:54]} {[%emt 00:00:48]} 79.
Re4 {[%clk 00:00:46]} {[%emt 00:00:30]} Re5 {[%clk 00:03:53]} {[%emt 00:00:31]}
80. Ra4 {[%clk 00:01:00]} {[%emt 00:00:16]} Rc5 {[%clk 00:03:18]} {[%emt
00:01:04]} 81. Re4 {[%clk 00:01:12]} {[%emt 00:00:16]} Kg7 {[%clk 00:02:46]}
{[%emt 00:01:04]} 82. h4 {[%clk 00:00:44]} {[%emt 00:00:58]} e5 {[%emt
00:00:51]} 83. Ra4 {[%emt 00:00:41]} Rd5 {[%clk 00:01:25]} {[%emt 00:00:19]}
84. Rb4 {[%clk 00:00:45]} {[%emt 00:00:29]} Rd4 {[%clk 00:01:47]} {[%emt
00:00:09]} 85. Rb6 {[%clk 00:00:46]} {[%emt 00:00:29]} e4 {[%clk 00:01:39]}
{[%emt 00:00:38]} 86. fxe4 {[%clk 00:01:02]} {[%emt 00:00:14]} Rxe4 {[%clk
00:02:06]} {[%emt 00:00:03]} 87. Ra6 {[%clk 00:01:01]} {[%emt 00:00:32]} f5
{[%clk 00:01:56]} {[%emt 00:00:40]} 88. Rb6 {[%clk 00:01:09]} {[%emt 00:00:21]}
Rg4+ {[%clk 00:01:49]} {[%emt 00:00:37]} 89. Kh3 {[%clk 00:01:22]} {[%emt
00:00:16]} f4 {[%clk 00:02:02]} {[%emt 00:00:19]} 90. Rb3 {[%clk 00:00:39]}
{[%emt 00:01:12]} Rg3+ {[%clk 00:01:40]} {[%emt 00:00:53]} 91. Rxg3 {[%clk
00:01:03]} {[%emt 00:00:06]} fxg3 {[%clk 00:02:05]} {[%emt 00:00:05]} 92. Kxg3
{[%clk 00:01:27]} {[%emt 00:00:06]} Kf7 {[%clk 00:01:58]} {[%emt 00:00:37]} 93.
Kf4 {[%clk 00:01:25]} {[%emt 00:00:31]} Kf6 {[%clk 00:01:10]} {[%emt 00:01:19]}
94. g3 {[%clk 00:01:49]} {[%emt 00:00:06]} Kf7 {[%clk 00:01:24]} {[%emt
00:00:16]} 95. g4 {[%clk 00:00:54]} {[%emt 00:01:25]} hxg4 {[%clk 00:01:25]}
{[%emt 00:00:29]} 96. Kxg4 {[%clk 00:01:17]} {[%emt 00:00:07]} Kf6 {[%clk
00:01:36]} {[%emt 00:00:19]} 97. h5 {[%clk 00:01:34]} {[%emt 00:00:12]} gxh5+
{[%clk 00:01:38]} {[%emt 00:00:29]} 98. Kxh5 {[%clk 00:01:58]} {[%emt
00:00:06]} 1/2-1/2

[Event "DEM U10 2023"]
[Site "Willingen GER"]
[Date "2023.05.29"]
[Round "3"]
[White "Simon, Levi Paul"]
[Black "Ishcenko, Volodymyr"]
[Result "1/2-1/2"]
[Termination "normal"]
[Board "23"]
[WhiteElo "1297"]
[BlackElo "1220"]
[WhiteClock "01:16:59"]
[BlackClock "00:01:31"]
[PlyCount "111"]
[WhiteFideId "34652310"]
[BlackFideId "34660208"]
[EventCountry "GER"]
[EventRounds "11"]
[EventType "swiss"]
[EventDate "2023.05.27"]

1. d4 {[%clk 01:15:59]} d5 {[%clk 01:15:50]} {[%emt 00:00:10]} 2. c4 {[%clk
01:16:22]} {[%emt 00:00:07]} e6 {[%clk 01:16:12]} {[%emt 00:00:08]} 3. Nc3
{[%clk 01:16:46]} {[%emt 00:00:07]} Nf6 {[%clk 01:16:32]} {[%emt 00:00:10]} 4.
Nf3 {[%clk 01:17:01]} {[%emt 00:00:14]} Be7 {[%clk 01:16:29]} {[%emt 00:00:33]}
5. Bg5 {[%clk 01:17:19]} {[%emt 00:00:12]} h6 {[%clk 01:16:41]} {[%emt
00:00:18]} 6. Bh4 {[%clk 01:17:40]} {[%emt 00:00:09]} O-O {[%clk 01:16:29]}
{[%emt 00:00:42]} 7. Rc1 {[%clk 01:17:40]} {[%emt 00:00:30]} c5 {[%clk
01:15:52]} {[%emt 00:01:06]} 8. e3 {[%clk 01:17:54]} {[%emt 00:00:16]} dxc4
{[%clk 01:15:28]} {[%emt 00:00:54]} 9. Bxc4 {[%clk 01:18:05]} {[%emt 00:00:18]}
cxd4 {[%clk 01:15:40]} {[%emt 00:00:17]} 10. Nxd4 {[%clk 01:16:46]} {[%emt
00:01:50]} Nc6 {[%clk 01:14:21]} {[%emt 00:01:49]} 11. Nxc6 {[%clk 01:16:32]}
{[%emt 00:00:44]} Qxd1+ {[%clk 01:14:06]} {[%emt 00:00:45]} 12. Rxd1 {[%clk
01:16:21]} {[%emt 00:00:41]} bxc6 {[%clk 01:14:23]} {[%emt 00:00:13]} 13. O-O
{[%clk 01:16:12]} {[%emt 00:00:40]} Bb7 {[%clk 01:12:43]} {[%emt 00:02:07]} 14.
Bxf6 {[%clk 01:16:21]} {[%emt 00:00:23]} Bxf6 {[%clk 01:12:55]} {[%emt
00:00:18]} 15. Ne4 {[%clk 01:16:34]} {[%emt 00:00:17]} Rfd8 {[%clk 01:10:54]}
{[%emt 00:02:23]} 16. b3 {[%clk 01:16:12]} {[%emt 00:01:00]} Be7 {[%clk
01:07:44]} {[%emt 00:03:40]} 17. Be2 {[%clk 01:15:52]} {[%emt 00:00:50]} Bb4
{[%clk 01:01:46]} {[%emt 00:06:25]} 18. Bf3 {[%emt 00:04:33]} Ba6 {[%clk
00:58:42]} {[%emt 00:01:20]} 19. Rxd8+ {[%clk 01:15:23]} {[%emt 00:00:13]} Rxd8
{[%clk 00:58:41]} {[%emt 00:00:29]} 20. Rc1 {[%clk 01:15:23]} {[%emt 00:00:32]}
Bd3 {[%clk 00:48:48]} {[%emt 00:10:21]} 21. Rd1 {[%clk 01:14:30]} {[%emt
00:01:24]} Ba5 {[%clk 00:48:43]} {[%emt 00:00:33]} 22. Nc5 {[%emt 00:02:16]}
Bg6 {[%clk 00:46:14]} {[%emt 00:01:06]} 23. Rxd8+ {[%clk 01:14:51]} {[%emt
00:00:19]} Bxd8 {[%clk 00:46:37]} {[%emt 00:00:06]} 24. Bxc6 {[%clk 01:14:46]}
{[%emt 00:00:36]} Bb1 {[%clk 00:46:04]} {[%emt 00:01:00]} 25. a3 {[%clk
01:14:48]} {[%emt 00:00:30]} Bb6 {[%clk 00:45:03]} {[%emt 00:01:29]} 26. Na4
{[%clk 01:14:23]} {[%emt 00:00:57]} Bd8 {[%clk 00:42:39]} {[%emt 00:02:52]} 27.
Nc3 {[%clk 01:14:02]} {[%emt 00:00:54]} Bc2 {[%clk 00:42:20]} {[%emt 00:00:47]}
28. Nb5 {[%clk 01:13:15]} {[%emt 00:01:17]} Bb6 {[%clk 00:40:39]} {[%emt
00:02:11]} 29. b4 {[%clk 01:13:16]} {[%emt 00:00:32]} a5 {[%clk 00:37:49]}
{[%emt 00:03:16]} 30. Nd4 {[%clk 01:13:10]} {[%emt 00:00:39]} Bd3 {[%clk
00:34:36]} {[%emt 00:03:40]} 31. b5 {[%clk 01:10:56]} {[%emt 00:02:47]} Kf8
{[%clk 00:31:24]} {[%emt 00:03:42]} 32. f3 {[%clk 01:10:27]} {[%emt 00:00:59]}
e5 {[%clk 00:28:49]} {[%emt 00:03:03]} 33. Nb3 {[%clk 01:10:42]} {[%emt
00:00:17]} a4 {[%clk 00:27:16]} {[%emt 00:01:59]} 34. Na1 {[%clk 01:10:57]}
{[%emt 00:00:19]} Bxe3+ {[%clk 00:27:21]} {[%emt 00:00:25]} 35. Kh1 {[%clk
01:11:19]} {[%emt 00:00:08]} Bd4 {[%clk 00:19:53]} {[%emt 00:07:57]} 36. b6
{[%clk 01:11:17]} {[%emt 00:00:33]} Bxb6 {[%clk 00:16:20]} {[%emt 00:04:03]}
37. Bxa4 {[%clk 01:11:36]} {[%emt 00:00:10]} Bc5 {[%clk 00:14:28]} {[%emt
00:02:19]} 38. Nc2 {[%clk 01:11:50]} {[%emt 00:00:20]} Bxc2 {[%clk 00:10:55]}
{[%emt 00:04:03]} 39. Bxc2 {[%clk 01:12:13]} {[%emt 00:00:07]} Bxa3 {[%clk
00:11:12]} {[%emt 00:00:13]} 40. g4 {[%clk 01:12:35]} {[%emt 00:00:08]} g6
{[%clk 00:08:45]} {[%emt 00:02:57]} 41. Kg2 {[%clk 01:12:55]} {[%emt 00:00:09]}
Ke7 {[%clk 00:08:04]} {[%emt 00:01:06]} 42. Kg3 {[%clk 01:12:59]} {[%emt
00:00:33]} Bc1 {[%clk 00:07:03]} {[%emt 00:01:29]} 43. Kg2 {[%clk 01:13:16]}
{[%emt 00:00:14]} Kd6 {[%clk 00:05:48]} {[%emt 00:01:41]} 44. h3 {[%clk
01:13:31]} {[%emt 00:00:20]} Bf4 {[%clk 00:05:26]} {[%emt 00:00:47]} 45. Be4
{[%clk 01:13:56]} {[%emt 00:00:11]} Ke6 {[%clk 00:04:29]} {[%emt 00:01:25]} 46.
Bc2 {[%clk 01:14:25]} {[%emt 00:00:03]} Kf6 {[%clk 00:04:23]} {[%emt 00:00:34]}
47. Bb1 {[%clk 01:14:46]} {[%emt 00:00:11]} Kg5 {[%clk 00:04:06]} {[%emt
00:00:47]} 48. Bc2 {[%clk 01:14:52]} {[%emt 00:00:24]} h5 {[%clk 00:02:49]}
{[%emt 00:01:47]} 49. Bb1 {[%clk 01:15:04]} {[%emt 00:00:18]} hxg4 {[%clk
00:02:43]} {[%emt 00:00:36]} 50. hxg4 {[%clk 01:15:22]} {[%emt 00:00:10]} Be3
{[%clk 00:02:35]} {[%emt 00:00:35]} 51. Kg3 {[%clk 01:15:45]} {[%emt 00:00:11]}
f5 {[%clk 00:02:16]} {[%emt 00:00:47]} 52. Kg2 {[%clk 01:16:09]} {[%emt
00:00:08]} fxg4 {[%clk 00:02:02]} {[%emt 00:00:45]} 53. fxg4 {[%clk 01:16:30]}
{[%emt 00:00:08]} Kxg4 {[%clk 00:00:59]} {[%emt 00:01:34]} 54. Bxg6 {[%clk
01:16:51]} {[%emt 00:00:09]} Kf4 {[%clk 00:01:11]} {[%emt 00:00:19]} 55. Bb1
{[%clk 01:17:09]} {[%emt 00:00:11]} e4 {[%clk 00:01:31]} {[%emt 00:00:08]} 56.
Bxe4 {[%clk 01:16:59]} {[%emt 00:00:09]} 1/2-1/2

[Event "DEM U10 2023"]
[Site "Willingen GER"]
[Date "2023.05.29"]
[Round "3"]
[White "Rusch, Levi Adrian"]
[Black "Bergmann, Rafael Antonio"]
[Result "0-1"]
[Termination "normal"]
[Board "24"]
[WhiteElo "1151"]
[BlackElo "1669"]
[WhiteClock "00:56:49"]
[BlackClock "00:43:21"]
[PlyCount "120"]
[WhiteFideId "34660224"]
[BlackFideId "34635076"]
[EventCountry "GER"]
[EventRounds "11"]
[EventType "swiss"]
[EventDate "2023.05.27"]

1. d4 {[%clk 01:15:57]} {[%emt 00:00:03]} Nf6 {[%clk 01:15:50]} {[%emt
00:00:10]} 2. Nc3 {[%clk 01:16:19]} {[%emt 00:00:08]} d5 {[%clk 01:16:15]}
{[%emt 00:00:06]} 3. Bf4 {[%clk 01:16:38]} {[%emt 00:00:12]} c5 {[%clk
01:16:40]} {[%emt 00:00:05]} 4. e3 {[%clk 01:16:35]} {[%emt 00:00:32]} cxd4
{[%clk 01:17:01]} {[%emt 00:00:08]} 5. exd4 {[%clk 01:17:01]} {[%emt 00:00:04]}
a6 {[%clk 01:17:14]} {[%emt 00:00:18]} 6. Nf3 {[%clk 01:17:12]} {[%emt
00:00:19]} Bg4 {[%clk 01:17:32]} {[%emt 00:00:12]} 7. Bd3 {[%clk 01:17:25]}
{[%emt 00:00:17]} Nc6 {[%clk 01:17:40]} {[%emt 00:00:22]} 8. Be2 {[%clk
01:16:46]} {[%emt 00:01:08]} e6 {[%clk 01:15:31]} {[%emt 00:02:39]} 9. a3
{[%clk 01:15:33]} {[%emt 00:01:43]} Be7 {[%clk 01:11:04]} {[%emt 00:04:57]} 10.
h3 {[%clk 01:15:44]} {[%emt 00:00:19]} Bh5 {[%clk 01:10:02]} {[%emt 00:01:32]}
11. g4 {[%clk 01:16:02]} {[%emt 00:00:12]} Bg6 {[%clk 01:10:26]} {[%emt
00:00:06]} 12. Ne5 {[%clk 01:16:13]} {[%emt 00:00:19]} Nxe5 {[%clk 01:07:16]}
{[%emt 00:03:41]} 13. dxe5 {[%clk 01:16:24]} {[%emt 00:00:18]} Ne4 {[%clk
01:06:32]} {[%emt 00:01:14]} 14. h4 {[%clk 01:15:02]} {[%emt 00:01:52]} Bxh4
{[%clk 01:04:07]} {[%emt 00:02:55]} 15. Nxe4 {[%clk 01:13:50]} {[%emt
00:01:42]} Bxe4 {[%clk 01:04:03]} {[%emt 00:00:35]} 16. Rh3 {[%clk 01:13:08]}
{[%emt 00:01:11]} Rc8 {[%clk 01:02:53]} {[%emt 00:01:40]} 17. c3 {[%clk
01:12:56]} {[%emt 00:00:43]} Bg5 {[%clk 00:58:48]} {[%emt 00:04:35]} 18. Bxg5
{[%clk 01:11:42]} {[%emt 00:01:44]} Qxg5 {[%clk 00:58:18]} {[%emt 00:00:59]}
19. f3 {[%clk 01:11:43]} {[%emt 00:00:30]} Bg6 {[%clk 00:57:59]} {[%emt
00:00:48]} 20. Qa4+ {[%clk 01:11:46]} {[%emt 00:00:27]} Rc6 {[%clk 00:56:36]}
{[%emt 00:01:52]} 21. f4 {[%clk 01:11:27]} {[%emt 00:00:50]} Qd8 {[%clk
00:56:05]} {[%emt 00:01:00]} 22. Bxa6 {[%clk 01:09:54]} {[%emt 00:02:04]} O-O
{[%clk 00:54:32]} {[%emt 00:02:03]} 23. Be2 {[%clk 01:08:45]} {[%emt 00:01:40]}
Qb6 {[%emt 00:03:58]} 24. O-O-O {[%clk 01:06:28]} {[%emt 00:00:01]} Qf2 {[%clk
00:49:12]} {[%emt 00:05:04]} 25. Bd3 {[%clk 01:05:32]} {[%emt 00:01:30]} Rb6
{[%clk 00:45:50]} {[%emt 00:03:51]} 26. Rd2 {[%clk 01:01:21]} {[%emt 00:04:41]}
Qg1+ {[%clk 00:45:13]} {[%emt 00:01:05]} 27. Qd1 {[%clk 01:01:31]} {[%emt
00:00:23]} Qxd1+ {[%clk 00:43:47]} {[%emt 00:01:55]} 28. Rxd1 {[%clk 01:01:50]}
{[%emt 00:00:11]} Bxd3 {[%clk 00:43:57]} {[%emt 00:00:20]} 29. Rdxd3 {[%clk
01:02:12]} {[%emt 00:00:08]} Rc6 {[%clk 00:43:32]} {[%emt 00:00:55]} 30. Rdg3
{[%clk 01:02:25]} {[%emt 00:00:18]} f6 {[%clk 00:43:05]} {[%emt 00:00:56]} 31.
Rf3 {[%clk 01:01:41]} {[%emt 00:01:15]} Rc4 {[%clk 00:43:01]} {[%emt 00:00:32]}
32. b3 {[%clk 01:01:52]} {[%emt 00:00:19]} Re4 {[%clk 00:43:18]} {[%emt
00:00:14]} 33. exf6 {[%clk 01:01:53]} {[%emt 00:00:29]} Rxf6 {[%clk 00:43:37]}
{[%emt 00:00:10]} 34. Kd2 {[%clk 01:00:59]} {[%emt 00:01:24]} Rfxf4 {[%clk
00:43:23]} {[%emt 00:00:44]} 35. Rxf4 {[%clk 01:01:17]} {[%emt 00:00:13]} Rxf4
{[%clk 00:43:42]} {[%emt 00:00:11]} 36. Rg3 {[%clk 01:01:10]} {[%emt 00:00:37]}
Kf7 {[%clk 00:43:41]} {[%emt 00:00:31]} 37. Ke3 {[%clk 01:01:02]} {[%emt
00:00:38]} e5 {[%clk 00:43:45]} {[%emt 00:00:26]} 38. Rf3 {[%clk 01:01:01]}
{[%emt 00:00:32]} g5 {[%clk 00:44:02]} {[%emt 00:00:12]} 39. Rh3 {[%clk
01:01:01]} {[%emt 00:00:30]} Kg6 {[%clk 00:44:10]} {[%emt 00:00:22]} 40. a4
{[%clk 01:01:04]} {[%emt 00:00:27]} Rxg4 {[%clk 00:44:31]} {[%emt 00:00:08]}
41. a5 {[%clk 01:01:13]} {[%emt 00:00:22]} Rg1 {[%clk 00:44:39]} {[%emt
00:00:22]} 42. Rh2 {[%clk 01:01:10]} {[%emt 00:00:33]} Ra1 {[%clk 00:44:52]}
{[%emt 00:00:17]} 43. b4 {[%clk 01:01:30]} {[%emt 00:00:10]} Rb1 {[%clk
00:43:53]} {[%emt 00:01:29]} 44. Rd2 {[%clk 01:01:07]} {[%emt 00:00:53]} Rb3
{[%clk 00:43:32]} {[%emt 00:00:51]} 45. Rxd5 {[%clk 00:58:55]} {[%emt
00:02:41]} Rxc3+ {[%clk 00:43:38]} {[%emt 00:00:26]} 46. Kd2 {[%clk 00:59:05]}
{[%emt 00:00:20]} Rc7 {[%clk 00:41:16]} {[%emt 00:02:48]} 47. Rxe5 {[%clk
00:58:58]} {[%emt 00:00:40]} h5 {[%clk 00:41:26]} {[%emt 00:00:19]} 48. Rc5
{[%clk 00:58:58]} {[%emt 00:00:31]} Rd7+ {[%clk 00:41:46]} {[%emt 00:00:10]}
49. Ke2 {[%clk 00:59:11]} {[%emt 00:00:18]} h4 {[%clk 00:42:05]} {[%emt
00:00:11]} 50. b5 {[%clk 00:59:07]} {[%emt 00:00:35]} Kh5 {[%clk 00:42:19]}
{[%emt 00:00:15]} 51. b6 {[%clk 00:58:56]} {[%emt 00:00:41]} h3 {[%clk
00:42:13]} {[%emt 00:00:36]} 52. Rc7 {[%clk 00:58:34]} {[%emt 00:00:53]} Rd5
{[%clk 00:42:34]} {[%emt 00:00:09]} 53. Rxb7 {[%clk 00:58:08]} {[%emt
00:00:55]} Rxa5 {[%clk 00:42:47]} {[%emt 00:00:18]} 54. Rb8 {[%clk 00:57:40]}
{[%emt 00:00:58]} Rb5 {[%clk 00:43:01]} {[%emt 00:00:16]} 55. b7 {[%clk
00:57:36]} {[%emt 00:00:34]} Kg4 {[%clk 00:43:23]} {[%emt 00:00:05]} 56. Kf2
{[%clk 00:56:54]} {[%emt 00:01:14]} Rb2+ {[%clk 00:43:41]} {[%emt 00:00:12]}
57. Kg1 {[%clk 00:57:19]} {[%emt 00:00:06]} Kg3 {[%clk 00:44:01]} {[%emt
00:00:10]} 58. Kf1 {[%clk 00:56:17]} {[%emt 00:01:32]} h2 {[%clk 00:42:38]}
{[%emt 00:01:53]} 59. Rh8 {[%clk 00:56:34]} {[%emt 00:00:13]} Rxb7 {[%clk
00:43:00]} {[%emt 00:00:09]} 60. Rxh2 {[%clk 00:56:49]} {[%emt 00:00:14]} Kxh2
{[%clk 00:43:21]} {[%emt 00:00:09]} 0-1